Guess the 1960s song lyrics #143 - Statistics

General Stats
  • This quiz has been taken 13 times
  • The average score is 125 of 207
Answer Stats
Answer % Correct
a
100%
I
90%
you
90%
girl
80%
grow
80%
in
80%
like
80%
my
80%
So
80%
the
80%
to
80%
up
80%
when
80%
Your
80%
your
80%
You're
80%
and
70%
as
70%
be
70%
if
70%
it
70%
love
70%
now
70%
get
60%
woman
60%
world
60%
yeah
60%
You'll
60%
ain't
50%
baby
50%
back
50%
Come
50%
come
50%
doll
50%
got
50%
Has
50%
livin
50%
Livin
50%
lookin
50%
ready
50%
still
50%
want
50%
You've
50%
along
40%
but
40%
can't
40%
easy
40%
else
40%
I'd
40%
mind
40%
paper
40%
real
40%
really
40%
take
40%
time
40%
twice
40%
very
40%
Bobby Vee
30%
break
30%
first
30%
good
30%
hasn't
30%
heart
30%
line
30%
lovin's
30%
Someday
30%
someday
30%
Somewhere
30%
tough
30%
eyed
20%
gets
20%
goin
20%
innocence
20%
left
20%
messed
20%
rather
20%
rough
20%
wide
20%
gotten
10%
lotta
10%
message
10%
somehow
10%
No matching quizzes found
Score Distribution
Percent of People with Each Score
Percentile by Number Answered
Your Score History
You have not taken this quiz